000 00265nam a22001217a 4500
008 260211b ||||| |||| 00| 0 eng d
041 _aital
080 _a001
100 _a20
101 _aital
245 _a I Colori di Napoli
_cMarta Natalini
942 _2lcc
_cBK
999 _c60774
_d60774